Bilecik Bilecik Bilecik Bilecik Bilecik

el-Edebü'n-nebevi/ (Record no. 64004)

MARC details
000 -BAŞLIK
Sabit Uzunluktaki Kontrol Alanı 00785nam a22002777a 4500
001 - KONTROL NUMARASI
Control Dosyası 0064208
003 - KONTROL NUMARASI KİMLİĞİ
Kontrol Alanı KOHA_MİRAKIL
005 - EN SON İŞLEM TARİHİ ve ZAMANI
Kontrol Alanı 20260207004456.0
007 - FİZİKSEL TANIM SABİT ALAN - GENEL BİLGİ
Sabit uzunluklu kontrol alanı ta
008 - SABİT UZUNLUKTAKİ VERİ ÖGELERİ - GENEL BİLGİ
Sabit Alan 190304b1975 tu |||gr||||#0|||0|ara |
040 ## - KATALOGLAMA KAYNAĞI
Özgün Kataloglama Kurumu TR-BiSEU
Kataloglama Dili tur
Çeviri Kurumu TR-BiSEU
Açıklama Kuralları rda
041 0# - DİL KODU
Metin ya da ses kaydının dil kodu ara
044 ## - YAYINLAYAN/ÜRETEN KURULUŞUN ÜLKE KODU
ISO country code tu
050 ## - SINIFLAMA ve YER NUMARASI
Sınıflama Numarası BP135
Yer Numarası .H38 1975
100 1# - KİŞİ ADI
Yazar Adı (Kişi adı) Havli, Muhammed Abdülazîz.
245 13 - ESER ADI BİLDİRİMİ
Başlık el-Edebü'n-nebevi/
Sorumluluk Bildirimi Muhammed Abdülazîz Havli ; Muhammed Abdülazîz Havli.
264 #1 - ÜRERİM, YAYIN, DAĞITIM ve TELİF BİLDİRİMİ
Yayın yeri Beyrut :
Yayınlayan Dârü'l-Ma'rife
Yayın tarihi 1975
300 ## - FİZİKSEL TANIMLAMA
Sayfa, Cilt vb. 310 sayfa; 24 cm.
336 ## - İÇERİK TÜRÜ
Content type term metin
Content type code txt
Source rdacontent
337 ## - MEDYA TÜRÜ
Media type term aracısız
Media type code n
Source rdamedia
338 ## - TAŞIYICI TÜRÜ
Carrier type term cilt
Carrier type code nc
Source rdacarrier
650 #0 - KONU BAŞLIĞI EK GİRİŞ - KONU TERİMİ
Konusal terim veya coğrafi ad Hadis.
9 (RLIN) 27666
650 #0 - KONU BAŞLIĞI EK GİRİŞ - KONU TERİMİ
Konusal terim veya coğrafi ad İslam ahlâk ve adâbı.
9 (RLIN) 32090
907 ## - LOCAL DATA ELEMENT G, LDG (RLIN)
a Din
942 ## - EK GİRİŞ ÖGELERİ (KOHA)
Source of classification or shelving scheme Library of Congress Classification
Koha item type Book
Holdings
Materyal Türü Kalıcı Konum Mevcut Konum Raf Yeri Koleksiyon Kodu Sınıflandırma Kaynağı Edinim Bilgisi Ana Konular Alt Konular Yer Numarası Demirbaş Numarası Fatura Tarihi Geri Çekilme Durumu Kayıp Durumu Hasarlı Durumu Kredi için değil Kayıt Tarih Toplam Ödünçverme Son Görülme Tarihi Son Kontrol Tarihi Genel / Bağış Notu
Book Prof. Dr. Azmi Özcan Kütüphanesi Prof. Dr. Azmi Özcan Kütüphanesi Uluğbey Salonu Özel Library of Congress Classification Bağış FELSEFE, PSİKOLOJİ, DİN İslam, Bahailik, Teozofi vb. BP135 .H38 1975 0064208 02/02/2026       Ödünç verilmez 04/03/2019   14/11/2025 14/11/2025 Abdulkerim Abdulkadiroğlu, Akademisyen